00430nam a2200145Ia 450000500170000000800410001702000180005808200180007610000380009424500860013225000120021826000250023030000140025565000150026920250421170434.0231217s9999 xx 000 0 und d a9788120338258 a658.5 BAB;42 aMorse, Lucy C. Babcock, Daniel L. 0aManaging engineering and technology : an introduction to management for engineers a4th ed. c2007bPHIaNew Delhi axiii, 480 amanagement